Journal of the Regional Cultural Institute.

Bibliographic Details
Corporate Author: Mu'assasah-i Farhangī-i Minṭaqagah'ī
Format: Journal
Language:English
Published: Tehrân : Regional Cultural Institute.
Subjects:
Online Availability: Check for online availability

MARC

Tag First Indicator Second Indicator Subfields
LEADER 00000cas a2200000 4500
001 in00002207921
005 20151104085822.0
008 751202u1967uuuuir qx p 0 a0eng
010 |a  75645216  
019 |a 2266823 
022 0 |a 0377-063X  |2 0 
035 |a (OCoLC)ocm02242294 
037 |b 5, Vesâl e Shirâzi, North of Elizabeth II Blvd. 
040 |a DLC  |c DLC  |d NSD  |d OCL  |d AIP  |d OCLCQ  |d TXA  |d UtOrBLW 
042 |a lc  |a nsdp 
043 |a a-ir---  |a a-pk---  |a a-tu--- 
049 |a TXAM 
050 0 0 |a DS266  |b .M82a 
110 2 |a Mu'assasah-i Farhangī-i Minṭaqagah'ī. 
210 0 |a J. Reg. Cult. Inst. (Iran, Pak., Turk.) 
222 0 |a Journal of the Regional Cultural Institute (Iran, Pakistan, Turkey) 
245 1 0 |a Journal of the Regional Cultural Institute. 
264 1 |a Tehrân :  |b Regional Cultural Institute. 
300 |a volumes :  |b illustrations ;  |c 24 cm. 
310 |a Four no. a year 
336 |a text  |b txt  |2 rdacontent 
337 |a unmediated  |b n  |2 rdamedia 
338 |a volume  |b nc  |2 rdacarrier 
362 0 |a v. 1- spring 1967- 
651 0 |a Iran  |x Civilization  |v Periodicals. 
651 0 |a Pakistan  |x Civilization  |v Periodicals. 
651 0 |a Turkey  |x Civilization  |v Periodicals. 
936 |a spring 1967 (surrogate) 
994 |a C0  |b TXA 
999 |a MARS 
999 f f |s 0721275a-4411-3936-8594-32c37aabdb96  |i 5d635e54-3f9f-3ed5-9817-4a9b6246f812  |t 0 
952 f f |p ric  |a Texas A&M University  |b Rellis Campus  |c Joint Library Facility  |d Remote Storage  |t 0  |e DS266 .M82  |h Library of Congress classification  |i unmediated -- volume  |k v.8:no.3/4  |l 1976  |m A14835001915 
998 f f |a DS266 .M82  |s v.8:no.3/4 (1976:Summer/Autumn)  |t 0  |l Remote Storage